| 000 | 00537nam a22001817a 4500 | ||
|---|---|---|---|
| 999 |
_c9621 _d9621 |
||
| 008 | 210915b ||||| |||| 00| 0 eng d | ||
| 040 | _aBMS College of Architecture | ||
| 100 | _aPriya. E Hari | ||
| 245 | _aFive star Hotel Bangalore | ||
| 300 | _aNo | ||
| 500 | _a1BM01AT010 | ||
| 502 |
_8B.Arch _NBMS College of Architecture, Visvesvaraya Technological University (VTU) _aProject report _d2005, 2006 |
||
| 650 | _aHotel | ||
| 650 | _aBangalore | ||
| 700 |
_aSridhar Rajan _eGuide |
||
| 700 |
_aSatish Rao _eGuide |
||
| 942 |
_2ddc _cTHE |
||